[Event "5. Torneo IRT Móstoles 2012"]
[Site "Madrid ESP"]
[Date "2012.07.25"]
[Round "7.7"]
[White "Gal, Eugen"]
[Black "Arbunic Castro, Giovanna"]
[Result "0-1"]
[WhiteElo "2030"]
[BlackElo "2098"]
[PlyCount "84"]
[EventDate "2012.07.19"]
[EventType "swiss"]
[EventRounds "9"]
[EventCountry "ESP"]
[Source "lmi"]
[SourceDate "2012.07.19"]

1. e4 c5 2. Nf3 Nc6 3. d4 cxd4 4. Nxd4 g6 5. Nc3 Bg7 6. Be3 Nf6 7. f3 O-O 8.
Qd2 d5 9. O-O-O dxe4 10. Kb1 Nxd4 11. Bxd4 exf3 12. gxf3 Bf5 13. Bc4 Qc7 14.
Bb3 a6 15. Qf2 b5 16. Rde1 Qd7 17. Rd1 Qb7 18. h4 h5 19. Rhg1 Rac8 20. Rg5 e6
21. Rdg1 Kh7 22. Nd1 a5 23. a4 bxa4 24. Rxf5 exf5 25. Bxa4 Qb4 26. Bb3 Ng4 27.
Bc3 Nxf2 28. Bxb4 axb4 29. Nxf2 Bd4 30. Rg2 Bxf2 31. Rxf2 Kg7 32. Rf1 Rfe8 33.
Rc1 Re3 34. Bd5 Rc5 35. Ba8 Rc4 36. Bd5 Rc5 37. Ba8 Kf6 38. Bb7 Ke5 39. Rd1 Re2
40. Rf1 Kf4 41. Ba6 Rg2 42. Bb7 Kg3 0-1

[Event "5. Torneo IRT Móstoles 2012"]
[Site "Madrid ESP"]
[Date "2012.07.25"]
[Round "7.8"]
[White "Garcia-Ruiz Fuentes, Angel M"]
[Black "Ramos Del Campo, Alexander"]
[Result "0-1"]
[WhiteElo "1957"]
[BlackElo "2078"]
[PlyCount "114"]
[EventDate "2012.07.19"]
[EventType "swiss"]
[EventRounds "9"]
[EventCountry "ESP"]
[Source "lmi"]
[SourceDate "2012.07.19"]

1. e4 c6 2. Nc3 d5 3. Nf3 Bg4 4. h3 Bxf3 5. gxf3 d4 6. Ne2 e5 7. f4 Qh4 8. d3
Bd6 9. Ng3 g6 10. Qg4 Bb4+ 11. Kd1 Qxg4+ 12. hxg4 f6 13. Rb1 Bd6 14. c3 c5 15.
Ne2 Nc6 16. Kc2 Nge7 17. g5 fxg5 18. fxe5 Bxe5 19. Bxg5 Bg7 20. Bh6 O-O 21. f4
Bxh6 22. Rxh6 Kg7 23. Rh2 b5 24. b4 cxb4 25. cxd4 Rac8 26. Kd2 Rfd8 27. d5 Nxd5
28. exd5 Rxd5 29. Bg2 Rc5 30. Bxc6 R8xc6 31. Nd4 Rd6 32. Rxb4 Rcd5 33. Nxb5 Rb6
34. Ra4 Rdxb5 35. Rxa7+ Rb7 36. Rxb7+ Rxb7 37. Ke3 Re7+ 38. Kd4 Kf6 39. Kc5
Rc7+ 40. Kd6 Ra7 41. d4 Kf5 42. Rf2 Ke4 43. d5 Ra6+ 44. Kc5 Ra5+ 45. Kc4 Rxd5
46. Re2+ Kf3 47. Rh2 Rd7 48. f5 gxf5 49. a4 Kg3 50. Rh5 f4 51. a5 f3 52. Rf5
Rg7 53. Kd3 Kg2 54. Ke3 Re7+ 55. Kf4 f2 56. Rg5+ Kf1 57. Kf3 Ke1 0-1

[Event "5. Torneo IRT Móstoles 2012"]
[Site "Madrid ESP"]
[Date "2012.07.25"]
[Round "7.9"]
[White "Lopez Heras, Arturo"]
[Black "Cabañas Bravo, Juan Andres"]
[Result "0-1"]
[WhiteElo "1926"]
[BlackElo "2061"]
[PlyCount "54"]
[EventDate "2012.07.19"]
[EventType "swiss"]
[EventRounds "9"]
[EventCountry "ESP"]
[Source "lmi"]
[SourceDate "2012.07.19"]

1. e4 e5 2. Nf3 Nc6 3. Bb5 Qf6 4. Nc3 Bc5 5. O-O Nge7 6. Na4 Bd6 7. c4 b6 8.
Nc3 Qg6 9. d3 Bb7 10. Ba4 a6 11. a3 f5 12. Nh4 Qf7 13. c5 Bxc5 14. Bb3 Qf8 15.
Bg5 fxe4 16. Nxe4 Bd4 17. Qh5+ Kd8 18. Rab1 Kc8 19. Kh1 Kb8 20. f4 Qe8 21. Bf7
Qc8 22. fxe5 g6 23. Qe2 Bxe5 24. Nf6 d6 25. Nf3 Nf5 26. Nxe5 Nxe5 27. Rbc1 Nxf7
0-1

[Event "5. Torneo IRT Móstoles 2012"]
[Site "Madrid ESP"]
[Date "2012.07.25"]
[Round "7.10"]
[White "Camarero Izquierdo, Juan Carlos"]
[Black "Fernandez Garcia, Javier"]
[Result "1/2-1/2"]
[WhiteElo "1890"]
[BlackElo "2051"]
[PlyCount "94"]
[EventDate "2012.07.19"]
[EventType "swiss"]
[EventRounds "9"]
[EventCountry "ESP"]
[Source "lmi"]
[SourceDate "2012.07.19"]

1. d4 d5 2. Nc3 e6 3. e4 Nf6 4. Bg5 Bb4 5. e5 h6 6. exf6 hxg5 7. fxg7 Rg8 8.
Qd3 Qf6 9. Nf3 Nc6 10. O-O-O Bd7 11. h4 gxh4 12. Rxh4 Qxg7 13. g3 O-O-O 14. Bg2
Rh8 15. Rdh1 Rxh4 16. Rxh4 Rh8 17. Rxh8+ Qxh8 18. Ne2 Bd6 19. a3 Be8 20. Kb1
Qh6 21. Nc3 a6 22. Nd1 f6 23. Qe2 Bf7 24. Ne3 Bh5 25. g4 Bg6 26. g5 Qh5 27.
gxf6 Be4 28. Qd1 Qg6 29. f7 Qxf7 30. Qh1 Qf6 31. Ng4 Qg7 32. Qh5 Bg6 33. Qg5
Nxd4 34. Ka2 Nxf3 35. Bxf3 Be7 36. Qe3 Bf5 37. Nh6 Qg6 38. Nxf5 Qxf5 39. Bg2
Kb8 40. c3 Bg5 41. Qd4 Qc2 42. Bh3 Bc1 43. Qb4 c5 44. Qb6 Qxf2 45. Bxe6 Qf6 46.
Qd6+ Ka8 47. Qxd5 Qe7 1/2-1/2

[Event "5. Torneo IRT Móstoles 2012"]
[Site "Madrid ESP"]
[Date "2012.07.25"]
[Round "7.12"]
[White "Fernandez Blazquez, Diego"]
[Black "Panero Cabrero, Gregorio"]
[Result "1-0"]
[WhiteElo "2190"]
[BlackElo "1895"]
[PlyCount "41"]
[EventDate "2012.07.19"]
[EventType "swiss"]
[EventRounds "9"]
[EventCountry "ESP"]
[Source "lmi"]
[SourceDate "2012.07.19"]

1. d4 f5 2. Bg5 Nf6 3. Nc3 d5 4. f3 g6 5. Qd2 h6 6. Bxf6 exf6 7. Nh3 Bb4 8. Nf4
g5 9. Nfxd5 Bxc3 10. Nxc3 O-O 11. h4 c6 12. hxg5 hxg5 13. O-O-O b5 14. e4 f4
15. Qf2 a5 16. g3 fxg3 17. Qxg3 Kg7 18. d5 Qb6 19. Qh2 Kf7 20. Qh7+ Ke8 21.
Qg6+ 1-0

[Event "5. Torneo IRT Móstoles 2012"]
[Site "Madrid ESP"]
[Date "2012.07.25"]
[Round "7.15"]
[White "Lozano Sanchez, Jose Antonio"]
[Black "Esteve Sanchez, Sergio"]
[Result "1/2-1/2"]
[WhiteElo "1863"]
[BlackElo "2053"]
[PlyCount "46"]
[EventDate "2012.07.19"]
[EventType "swiss"]
[EventRounds "9"]
[EventCountry "ESP"]
[Source "lmi"]
[SourceDate "2012.07.19"]

1. e4 c5 2. Nf3 d6 3. Bc4 Nf6 4. Qe2 e6 5. O-O Be7 6. Nc3 O-O 7. d4 cxd4 8.
Nxd4 a6 9. Be3 Qc7 10. Bb3 Nc6 11. Rfd1 Na5 12. Bg5 Nxb3 13. Nxb3 b5 14. a3 Bb7
15. Qe3 Rfd8 16. Rd3 d5 17. exd5 Nxd5 18. Nxd5 Rxd5 19. Rxd5 Bxd5 20. Bxe7 Qxe7
21. Rd1 Qf6 22. Nd4 h6 23. c3 Rc8 1/2-1/2